000 00425nam a2200145 a 4500
005 20140412111233.0
008 010521s19uu xx 00 eng d
020 _a0-7172-7035-1
050 _aTR(GS 372.3
_bG89 1974
245 _aGrolier reading improvement :
_bprogram I guide.
260 _aDanbury :
_bGrolier Educational Corporation,
_c1974.
300 _a95p.
650 _aReading -Study and teaching
999 _c102294
_d102294